| 000 | 00644nam a22001937a 4500 | ||
|---|---|---|---|
| 999 |
_c12800 _d12800 |
||
| 003 | OSt | ||
| 005 | 20190129064833.0 | ||
| 008 | 190129b xxu||||| |||| 00| 0 eng d | ||
| 020 | _a980-217-187-5 | ||
| 040 |
_aFEVP _cFEVP |
||
| 082 | _a338.9872 IE22 | ||
| 100 | _aInstituto de Estudios Superiores de Administración (IESA). | ||
| 245 | _aZulia: Competitividad para el Desarrollo. | ||
| 260 |
_aCaracas, Venezuela. _bEdiciones IESA. _c1997 |
||
| 300 |
_a481 pp. _c23 x 15,5 cm. |
||
| 500 | _aDescriptores: Política Económica--Zulia-Venezuela; Industrias--Zulia; Recursos Naturales | ||
| 600 | _aCentro IESA del Zulia. | ||
| 942 |
_2ddc _cLIB |
||